Sales Management - Decisions, Strategies & Cases (Record no. 8863)
[ view plain ]
| 000 -LEADER | |
|---|---|
| fixed length control field | 00471nam a2200181Ia 4500 |
| 008 - FIXED-LENGTH DATA ELEMENTS--GENERAL INFORMATION | |
| fixed length control field | 221030s9999 xx 000 0 und d |
| 020 ## - INTERNATIONAL STANDARD BOOK NUMBER | |
| ISBN | 8131710890 |
| 041 ## - LANGUAGE CODE | |
| Language code of text/sound track or separate title | |
| 082 ## - DEWEY DECIMAL CLASSIFICATION NUMBER | |
| Classification number | 105.23 |
| 100 ## - MAIN ENTRY--AUTHOR NAME | |
| Personal name | R. R. Still |
| 245 #0 - TITLE STATEMENT | |
| Title | Sales Management - Decisions, Strategies & Cases |
| Statement of responsibility, etc | by R. R. Still, E. W. Cundiff |
| 250 ## - EDITION STATEMENT | |
| Edition statement | 5th |
| 260 ## - PUBLICATION, DISTRIBUTION, ETC. (IMPRINT) | |
| Name of publisher | Pearson Edcuation |
| Place of publication | New Delhi |
| Year of publication | 2009 |
| 300 ## - PHYSICAL DESCRIPTION | |
| Number of Pages | 638 |
| 650 ## - SUBJECT ADDED ENTRY--TOPICAL TERM | |
| Topical Term | Management |
| 700 ## - ADDED ENTRY--PERSONAL NAME | |
| Personal name | E. W. Cundiff |
| 942 ## - ADDED ENTRY ELEMENTS (KOHA) | |
| Koha item type | Books |
| Accession Number | Cost, normal purchase price | Bill Date | Full call number | Source of acquisition | Price effective from | Koha item type | Withdrawn / writtenoff status | Materials specified (bound volume or other part) | Damaged status | Not for loan | Permanent Location | Current Location | Shelving location | Date acquired | Lost/ Missing status | department |
|---|---|---|---|---|---|---|---|---|---|---|---|---|---|---|---|---|
| MBA 1353 | 350.00 | 110 | 105.23 | Durga Books, Amritsar | 10/30/2022 | Books | MIET Library, Jammu | MIET Library, Jammu | 135/6 | 02/22/2010 | MBA | |||||
| MBA 1354 | 350.00 | 110 | 105.23 | Durga Books, Amritsar | 10/30/2022 | Books | MIET Library, Jammu | MIET Library, Jammu | 135/6 | 02/22/2010 | MBA | |||||
| MBA 1355 | 350.00 | 110 | 105.23 | Durga Books, Amritsar | 10/30/2022 | Books | MIET Library, Jammu | MIET Library, Jammu | 135/6 | 02/22/2010 | MBA | |||||
| MBA 1356 | 350.00 | 110 | 105.23 | Durga Books, Amritsar | 10/30/2022 | Books | MIET Library, Jammu | MIET Library, Jammu | 135/6 | 02/22/2010 | MBA | |||||
| MBA 1357 | 350.00 | 110 | 105.23 | Durga Books, Amritsar | 10/30/2022 | Books | MIET Library, Jammu | MIET Library, Jammu | 135/6 | 02/22/2010 | MBA | |||||
| MBA 1385 | 350.00 | 109 | 105.23 | Durga Books, Amritsar | 10/30/2022 | Books | MIET Library, Jammu | MIET Library, Jammu | 135/6 | 02/22/2010 | MBA | |||||
| MBA 1386 | 350.00 | 109 | 105.23 | Durga Books, Amritsar | 10/30/2022 | Books | MIET Library, Jammu | MIET Library, Jammu | 135/6 | 02/22/2010 | MBA | |||||
| MBA 1388 | 350.00 | 109 | 105.23 | Durga Books, Amritsar | 10/30/2022 | Books | MIET Library, Jammu | MIET Library, Jammu | 135/6 | 02/22/2010 | MBA | |||||
| MBA 1389 | 350.00 | 109 | 105.23 | Durga Books, Amritsar | 10/30/2022 | Books | MIET Library, Jammu | MIET Library, Jammu | 135/6 | 02/22/2010 | MBA |